000
00303nam a22001337a 4500
008
171127b xxu||||| |||| 00| 0 eng d
020
_a
9789928226358
041
_a
eng
080
_a
612.39
100
_a
10
101
_a
SHU
245
_a
TE MBROJME FEMIJET NGA PESTICIDET
_c
CARA, M
942
_2
udc
_c
BK
999
_c
38586
_d
38586